ბათუმის შოთა რუსთაველის სახელმწიფო უნივერსიტეტის ბიბლიოთეკა

თურქეთის ქართველთა ეთნოლოგია-ეთნოგრაფიის ძირითადი პრობლემები : (ბიბ.ჩანაწერი № 62700)

000 -ლიდერი
ფიქსირებული სიგრძის საკონტროლო ველი 01712nam a22002297a 4500
003 - საკონტროლო ნომრის იდენტიფიკატორი
საკონტროლო ველი Ge_BSU
005 - ბოლო ოპერაციის თარიღი და დრო
საკონტროლო ველი 20250124171016.0
008 - ფიქსირებული სიგრძის მონაცემთა ელემენტები - ზოგადი ინფორმაცია
ფიქსირებული სიგრძის საკონტროლო ველი 250124s2024 ge ||||| |||| 00| 0 geo d
020 ## - წიგნის საერთაშორისო სტანდარტული ნომერი
International Standard Book Number 9789941992988
041 ## - ენის კოდი
Language code of text/sound track or separate title geo
080 ## - უნივერსალური ათობითი კლასიფიკაციის ინდექსი
Universal Decimal Classification number 392(=353.1)(560) + 94(=353.1)(560) ფ-97
100 ## - მთავარი ჩანაწერი - პიროვნების სახელი
Personal name ფუტკარაძე, თამაზ
9 (RLIN) 24117
245 ## - ცნობა სათაურის შესახებ
Title თურქეთის ქართველთა ეთნოლოგია-ეთნოგრაფიის ძირითადი პრობლემები :
Remainder of title დამხმარე სახელმძღვანელო ისტორიის სპეციალობის სტუდენტებისათვის /
Statement of responsibility, etc თამაზ ფუტკარაძე; რედაქტორი ნოდარ შოშიტაშვილი; საქართველოს პარლამენტის ეროვნული ბიბლიოთეკა, ბათუმის შოთა რუსთაველის სახელმწ. უნივერსიტეტი.
264 ## - წარმოების, გამოცემის, დისტრიბუციის და სხვა ცნობები
გამოცემის, წარმოების, დისტრიბუციის... ადგილი თბილისი :
გამოცემის, წარმოების, დისტრიბუციის... სახელწოდება საქართველოს პარლამენტის ეროვნული ბიბლიოთეკა,
გამოცემის, წარმოების, დისტრიბუციის... თარიღი 2024.
300 ## - ფიზიკური აღწერა
Extent 490 გვ. :
Other physical details ილ., ფოტ. ;
Dimensions 21 სმ.
504 ## - BIBLIOGRAPHY, ETC. NOTE
Bibliography, etc ბიბლიოგრაფია: გვ. 457-486.
653 ## - INDEX TERM--UNCONTROLLED
Uncontrolled term ქართული ეთნოგრაფია
653 ## - INDEX TERM--UNCONTROLLED
Uncontrolled term ქართველები თურქეთში
700 ## - ADDED ENTRY--PERSONAL NAME
Personal name შოშიტაშვილი, ნოდარ
Relator term რედაქტორი
9 (RLIN) 18031
773 ## - HOST ITEM ENTRY
Title ნაჩუქარი
942 ## - ADDED ENTRY ELEMENTS (KOHA)
Source of classification or shelving scheme
Koha item type წიგნი
ეგზემპლარები
ჩამოწერის სტატუსი დაკარგული ეგზემპლარის სტატუსი კლასიფიკაციის წყარო ან თაროზე გაწყობის სქემა დაზიანების სტატუსი არ გაიცემა მუდმივი მდებარეობა (დაცვის ადგილი) ამჟამინდელი ადგილსამყოფელი თაროზე განთავსების ადგილი შეძენის თარიღი ღირებულება, შესყიდვის ნორმალური ფასი სრული შენახვის შიფრი შტრიხკოდი ბოლო ოპერაციის თარიღი ეგზემპლარის მიმდევრობითი ნომერი (კეტერი?) Uniform Resource Identifier ფასის ძალაში შესვლის თარიღი ეგზემპლარის სახეობა საჯარო შენიშვნა
          ბათუმის შოთა რუსთაველის სახელმწიფო უნივერსიტეტის მთავარი ბიბლიოთეკა ბათუმის შოთა რუსთაველის სახელმწიფო უნივერსიტეტის მთავარი ბიბლიოთეკა წიგნსაცავი 2025-01-24 10.00 392(=353.1)(560) + 94(=353.1)(560) ფ-97 70388 2025-01-24 70388 ნაჩუქარი 2025-01-24 წიგნი 10 ლ.
          ბათუმის შოთა რუსთაველის სახელმწიფო უნივერსიტეტის მთავარი ბიბლიოთეკა ბათუმის შოთა რუსთაველის სახელმწიფო უნივერსიტეტის მთავარი ბიბლიოთეკა წიგნსაცავი 2025-01-24 10.00 392(=353.1)(560) + 94(=353.1)(560) ფ-97 70389 2025-01-24 70389 ნაჩუქარი 2025-01-24 წიგნი 10 ლ.
          ბათუმის შოთა რუსთაველის სახელმწიფო უნივერსიტეტის მთავარი ბიბლიოთეკა ბათუმის შოთა რუსთაველის სახელმწიფო უნივერსიტეტის მთავარი ბიბლიოთეკა წიგნსაცავი 2025-01-24 10.00 392(=353.1)(560) + 94(=353.1)(560) ფ-97 70390 2025-01-24 70390 ნაჩუქარი 2025-01-24 წიგნი 10 ლ.
          ბათუმის შოთა რუსთაველის სახელმწიფო უნივერსიტეტის მთავარი ბიბლიოთეკა ბათუმის შოთა რუსთაველის სახელმწიფო უნივერსიტეტის მთავარი ბიბლიოთეკა წიგნსაცავი 2025-01-24 10.00 392(=353.1)(560) + 94(=353.1)(560) ფ-97 70391 2025-01-24 70391 ნაჩუქარი 2025-01-24 წიგნი 10 ლ.
          ბათუმის შოთა რუსთაველის სახელმწიფო უნივერსიტეტის მთავარი ბიბლიოთეკა ბათუმის შოთა რუსთაველის სახელმწიფო უნივერსიტეტის მთავარი ბიბლიოთეკა წიგნსაცავი 2025-01-24 10.00 392(=353.1)(560) + 94(=353.1)(560) ფ-97 70392 2025-01-24 70392 ნაჩუქარი 2025-01-24 წიგნი 10 ლ.